| 000 | 01075nam a22002657a 4500 | ||
|---|---|---|---|
| 005 | 20240924064433.0 | ||
| 007 | cr |||aaa||||| | ||
| 008 | 230330s2016 pe| |||fo|||| 00| 0 spa d | ||
| 020 | _a9789972841217 | ||
| 040 |
_aMX-MxUPN _bspa _cMX-MxUPN _eaacr2 |
||
| 050 | 4 | _aLC71.2 | |
| 245 |
_aFormulación de proyectos : _btexto 2 _h[recurso electrónico en línea] |
||
| 250 | _aPrimera edición | ||
| 260 |
_aLima, Perú : _bUNESCO, _c2016 |
||
| 300 |
_a1 recurso en línea (66 páginas ) : _bPDF |
||
| 490 | 0 | _aHerramientas de apoyo para el trabajo docente | |
| 500 | _aEs bibliografía básica de: Licenciatura en Administración Educativa. | ||
| 506 | 0 | _aAcceso abierto | |
| 610 | 2 | 4 |
_aUniversidad Pedagógica Nacional (México). _bLicenciatura en Administración Educativa _950087 |
| 650 | 7 |
_aElaboración de proyectos _914002 |
|
| 650 | 4 |
_aEducación _xPlanificación _91146 |
|
| 856 | 4 | 0 | _uhttps://unesdoc.unesco.org/ark:/48223/pf0000247006?posInSet=1&queryId=4aaed5d3-dc13-4da1-b86c-1443fc5e9195 |
| 902 | _aVíctorGodínez/300323 | ||
| 942 |
_2lcc _cLIBRO-E |
||
| 999 |
_c209461 _d209461 |
||